Characters by Bobblehead Quiz Stats

Quiz Updated Oct 18, 2016

Challenge
Share
Tweet
Score 0/25 Timer 05:00
6 Plays Today
Fictional Character % Correct
Peter Pan
96.6%
Ronald McDonald
95.4%
The Incredible Hulk
94.3%
Tony the Tiger
92.7%
Buzz Lightyear
92.5%
The Burger King
92%
Wicked Witch of the West
90.5%
Frosty the Snowman
85.7%
Mr. Monopoly
85.6%
Chewbacca
80.2%
Krusty the Clown
73.7%
Medusa
70.2%
Beetlejuice
69.5%
Fictional Character % Correct
Jerome 'Chef' McElroy
68.2%
Optimus Prime
63.7%
Count Chocula
60.7%
Speed Racer
56.2%
Green Goblin
51.5%
Mr. Garrison
42.3%
Mr. Magoo
42%
Howdy Doody
31.6%
Admiral Ackbar
26.8%
Cobra Commander
23.5%
Quick Draw McGraw
14.4%
Snidely Whiplash
12%

You're not logged in!

Compare scores with friends on all Sporcle quizzes.
Join for Free
OR
Log In

You Might Also Like...

Show Comments

Extras

Top Quizzes Today


Score Distribution

Your Account Isn't Verified!

In order to create a playlist on Sporcle, you need to verify the email address you used during registration. Go to your Sporcle Settings to finish the process.

Report this User

Report this user for behavior that violates our Community Guidelines.

Details: